Manažment ľudských zdrojov vo vybranej firme diplomová práca

Uložené v:
Podrobná bibliografia
Hlavný autor: Kiššová, Daniela
Korporativný autor: Obchodná fakulta EU. Katedra marketingu
Ďalší autori: Žák, Štefan, 1971-
Médium: Kniha
Jazyk:Slovak
Vydavateľské údaje: Bratislava 2013
Tagy: Pridať tag
Žiadne tagy, Buďte prvý, kto otaguje tento záznam!

MARC

LEADER 00000nbm a2200000 4500
001 0169710
005 20161109102321.6
041 0 |a slo 
044 |a SK 
245 1 0 |a Manažment ľudských zdrojov vo vybranej firme  |b diplomová práca  |c Daniela Kiššová ; školiteľ: Peter Drábik 
264 1 |a Bratislava  |c 2013 
300 |a 71 s. 
100 1 |a Kiššová, Daniela 
700 1 |a Žák, Štefan, 1971- 
710 2 |a Obchodná fakulta EU. Katedra marketingu